000 01577nas a2200373 c 4500
001 25828
003 ES-MaCES
005 20250307115256.0
007 cr |||||||||||
008 000223u1995 sp b| s | |spa d
035 _aCES20000000314p
040 _aES-MaCES
_bspa
_cES-MaCES
245 0 0 _aBase de datos de la economía social
_b: sociedades cooperativas y anónimas laborales en situación de alta en la seguridad social
_cInstituto Nacional de Fomento de la Economía Social
260 _aMadrid (Pío Baroja, 6, 28071)
_bINFES
_bMinisterio de Trabajo y Asuntos Sociales
300 _av. + 1 carpeta
_bgráf.
_c30 cm
310 _aTrimestral
500 _aDescripción basada en: 30 sept. 1995
500 _aCada número va precedido de un suplemento que recoge los números anteriores del año en curso bajo el tít.: Sociedades cooperativas constituidas, sociedades anónimas laborales registradas (datos provisionales)
500 _aTít. de la cub
541 _cGratuito
650 4 _adatos estadísticos
_930765
650 4 _aEspaña
_926964
650 4 _aseguridad social
_927034
650 4 _acooperativa
_927136
650 4 _asociedades
_930766
653 1 0 _aEstadísticas
710 2 _aInstituto Nacional de Fomento de la Economía Social (España)
_94277
710 1 _aEspaña
_bMinisterio de Trabajo y Seguridad Social
_eed.
_93276
866 1 _a1995-2001.
_zUbicación: DEPÓSITO - 55/850
905 _kNO
_p+
942 _2CES
_cCR
_h8.0.
999 _c25828
_d25828